Catálogo
 En Linea

Los medallones : 16 pinturas del siglo XVIII = The medallions : 16 paintings of XVIII century / (Registro nro. 50686)

Detalles MARC
000 -CABECERA
campo de control de longitud fija 01117nam a2200277 a 4500
003 - IDENTIFICADOR DEL NÚMERO DE CONTROL
campo de control DO-SdBNP
005 - FECHA Y HORA DE LA ÚLTIMA TRANSACCIÓN
campo de control 20240228143659.0
007 - CAMPO FIJO DE DESCRIPCIÓN FÍSICA--INFORMACIÓN GENERAL
campo de control de longitud fija ta
008 - DATOS DE LONGITUD FIJA--INFORMACIÓN GENERAL
campo de control de longitud fija 211001e2013 dr a|||grc||| 00| 0 spa d
040 ## - FUENTE DE LA CATALOGACIÓN
Centro catalogador/agencia de origen DO-SdBNP
Lengua de catalogación spa
Centro/agencia transcriptor BNPHU
082 #4 - NÚMERO DE LA CLASIFICACIÓN DECIMAL DEWEY
Número de clasificación 759.97293
Número de documento/Ítem H641L
Número de edición 22
100 1# - ENTRADA PRINCIPAL--NOMBRE DE PERSONA
Nombre de persona Hilaris Holt, Diego José
9 (RLIN) 80084
245 10 - MENCIÓN DE TÍTULO
Título Los medallones : 16 pinturas del siglo XVIII = The medallions : 16 paintings of XVIII century /
Resto del título
Mención de responsabilidad, etc. Diego José Hilaris Holt ; [compilador] Sergio Barbieri
246 1# - FORMA VARIANTE DE TÍTULO
Título propio/Titulo breve The medallions: 16 paintings of XVIII century
260 ## - PUBLICACIÓN, DISTRIBUCIÓN, ETC.
Lugar de publicación, distribución, etc. Higüey, República Dominicana :
Nombre del editor, distribuidor, etc. Museo de la Altagracia,
Fecha de publicación, distribución, etc. 2013.
300 ## - DESCRIPCIÓN FÍSICA
Extensión 71 p :
Otras características físicas il. ;
Dimensiones 23 cm.
546 ## - NOTA DE LENGUA/LENGUAJE
Nota de lengua/lenguaje Texto en español e inglés
590 ## - NOTA LOCAL (RLIN)
Nota local Inventriado 2021 / MF
600 10 - PUNTO DE ACCESO ADICIONAL DE MATERIA--NOMBRE DE PERSONA
Nombre de persona Hilaris Holt, Diego José,
Fechas asociadas al nombre (17?? - 18??)
9 (RLIN) 80089
650 #4 - PUNTO DE ACCESO ADICIONAL DE MATERIA--TÉRMINO DE MATERIA
Término de materia o nombre geográfico como elemento de entrada Pintura dominicana
Subdivisión cronológica Siglo XVIII
9 (RLIN) 80097
650 #4 - PUNTO DE ACCESO ADICIONAL DE MATERIA--TÉRMINO DE MATERIA
Término de materia o nombre geográfico como elemento de entrada Pintura colonial dominicana
9 (RLIN) 80098
700 12 - PUNTO DE ACCESO ADICIONAL--NOMBRE DE PERSONA
Nombre de persona Barbieri, Segio,
Fechas asociadas al nombre 1944
Término indicativo de función/relación comp.
9 (RLIN) 80090
710 2# - PUNTO DE ACCESO ADICIONAL--NOMBRE DE ENTIDAD CORPORATIVA
Nombre de entidad corporativa o nombre de jurisdicción como elemento de entrada Museo de la Altagracia (Higuey, República Dominicana)
9 (RLIN) 80085
910 ## - DATOS DE OPCIÓN DEL USUARIO (OCLC)
Datos de opción del usuario Validado. Control de calidad MFF
942 ## - ELEMENTOS DE PUNTO DE ACCESO ADICIONAL (KOHA)
Fuente del sistema de clasificación o colocación Dewey Decimal Classification
Tipo de ítem Koha Libro
Existencias
Estado de retiro Estado de pérdida Fuente del sistema de clasificación o colocación Restricciones de uso No para préstamo Código de colección Localización permanente Ubicación/localización actual Ubicación en estantería Fecha de adquisición Fuente de adquisición Signatura topográfica completa Código de barras Fecha visto por última vez Precio válido a partir de Tipo de ítem Koha Número de copia Total de préstamos
    Dewey Decimal Classification Excluido de préstamo   Patrimonio Dominicano Biblioteca Nacional Pedro Henríquez Ureña Biblioteca Nacional Pedro Henríquez Ureña Depósito 29.09.2018 Depósito Legal BNPHU PD 759.97293 H641L 2021-27135 01.10.2021 01.10.2021 Libro    
    Dewey Decimal Classification Excluido de préstamo   Patrimonio Dominicano Biblioteca Nacional Pedro Henríquez Ureña Biblioteca Nacional Pedro Henríquez Ureña Depósito 29.09.2018 Depósito Legal BNPHU PD 759.97293 H641L 2021-27139 04.10.2021 04.10.2021 Libro e.2  
    Dewey Decimal Classification Préstamo en sala   Dominicana de Servicio Biblioteca Nacional Pedro Henríquez Ureña Biblioteca Nacional Pedro Henríquez Ureña Depósito 29.09.2018 Depósito Legal BNPHU DS 759.97293 H641L 2021-27140 04.10.2021 04.10.2021 Libro e.3  

Con tecnología Koha